Κοντινότερες Ευρωπαϊκές Πρωτεύουσες στη Θάλασσα - Statistics

General Stats
  • This quiz has been taken 34 times
  • The average score is 11 of 18
Answer Stats
Χιλιόμετρα Απάντηση % Correct
4 Αθήνα
100%
25 Ρώμη
96%
13/20/47 Στοκχόλμη
75%
25 Άμστερνταμ
71%
24 Τίρανα
67%
0/96 Όσλο
63%
3 Κοπεγχάγη
63%
6 Δουβλίνο
63%
13 Λισαβόνα
63%
0 Ρέικιαβικ
58%
0 Βαλέτα
58%
1 Ταλίν
54%
2 Ελσίνκι
54%
0 Μονακό
50%
22 Βατικανό
42%
12 Ρίγα
38%
33 Ποντγκόριτσα
29%
18 Άγιος Μαρίνος
21%
No matching quizzes found
Score Distribution
Percent of People with Each Score
Percentile by Number Answered
Your Score History
You have not taken this quiz